[Event "POL-chT 1st League"]
[Site "Katowice"]
[Date "2010.09.10"]
[Round "7"]
[White "Skalski, Michal"]
[Black "Helis, Tadeusz"]
[Result "1/2-1/2"]
[WhiteElo "2447"]
[BlackElo "2277"]
[PlyCount "125"]
[EventDate "2010.09.04"]
[EventType "team-tourn"]
[EventRounds "9"]
[EventCountry "POL"]
[SourceTitle "EXT 2019"]
[Source "ChessBase"]
[SourceDate "2018.10.10"]
[SourceVersion "1"]
[SourceVersionDate "2018.10.10"]
[SourceQuality "1"]
[WhiteTeam "Pultusk Nadnarwianka"]
[BlackTeam "Raciborz Silesia"]
[WhiteTeamCountry "POL"]
[BlackTeamCountry "POL"]

1. c4 Nf6 2. Nc3 g6 3. e4 d6 4. d4 Bg7 5. f3 0-0 6. Be3 a6 7. Bd3 Nbd7 8. Nge2 c5 9. 0-0 cxd4 10. Nxd4 Ne5 11. Be2 Bd7 12. Qd2 Rc8 13. b3 Re8 14. Rfc1 Qa5 15. a3 Qd8 16. Ra2 e6 17. Bf1 Qe7 18. Bg5 Qf8 19. Rd1 h6 20. Be3 g5 21. Bf2 Qe7 22. a4 Rf8 23. a5 Ne8 24. Nce2 Ng6 25. Be3 Kh8 26. Ng3 f5 27. exf5 exf5 28. Bf2 Qf7 29. Bd3 f4 30. Ngf5 Ne5 31. Be4 Rc7 32. Qe2 Bc8 33. Rad2 Rc5 34. Ra2 Rc7 35. Bb1 Rc5 36. h3 Rc7 37. Qe4 Nf6 38. Qc2 d5 39. c5 Nc6 40. Nxg7 Qxg7 41. Qd2 Ne5 42. Nf5 Bxf5 43. Bxf5 Nc6 44. Bb1 Re7 45. b4 Rfe8 46. Bd3 Ne4 47. fxe4 dxe4 48. b5 e3 49. Qb2 exf2+ 50. Qxf2 Nb4 51. Rad2 Nxd3 52. Rxd3 axb5 53. Rd6 b4 54. Rb6 Re2 55. Qf3 Qc3 56. Rxh6+ Kg7 57. Rhd6 Re1+ 58. Rxe1 Rxe1+ 59. Kf2 Qxc5+ 60. Kxe1 Qxd6 61. Qxb7+ Kf6 62. Qb6 Ke6 63. Ke2 1/2-1/2

[Event "POL-chT 1st League"]
[Site "Katowice"]
[Date "2010.09.08"]
[Round "5"]
[White "Skalski, Michal"]
[Black "Wandzik, Wojciech"]
[Result "1-0"]
[WhiteElo "2447"]
[BlackElo "2199"]
[PlyCount "73"]
[EventDate "2010.09.04"]
[EventType "team-tourn"]
[EventRounds "9"]
[EventCountry "POL"]
[SourceTitle "EXT 2019"]
[Source "ChessBase"]
[SourceDate "2018.10.10"]
[SourceVersion "1"]
[SourceVersionDate "2018.10.10"]
[SourceQuality "1"]
[WhiteTeam "Pultusk Nadnarwianka"]
[BlackTeam "Gliwice Politechnika Slaska"]
[WhiteTeamCountry "POL"]
[BlackTeamCountry "POL"]

1. d4 Nf6 2. c4 e6 3. Nf3 d5 4. Nc3 Bb4 5. cxd5 exd5 6. Bg5 0-0 7. e3 c5 8. Be2 Nc6 9. 0-0 Be6 10. Rc1 h6 11. Bh4 c4 12. Ne5 Be7 13. Nxc6 bxc6 14. Bxf6 Bxf6 15. b3 cxb3 16. axb3 Qa5 17. Na4 Rfc8 18. Rc5 Qb4 19. Qc2 Bd7 20. Bd3 Re8 21. Rc3 Be7 22. Rc1 Rab8 23. Bf5 Red8 24. Bxd7 Rxd7 25. g3 Bf8 26. Rb1 Rdb7 27. Rxc6 Qa3 28. Rc3 Rb4 29. Kg2 a5 30. h4 R4b5 31. h5 Qe7 32. Nc5 Qa7 33. Ra1 Bd6 34. Rc1 Bf8 35. Qf5 Rd8 36. Nd3 Qa6 37. Rc6 1-0

[Event "Warsaw AIG Life rapid 8th"]
[Site "Warsaw"]
[Date "2008.12.20"]
[Round "7"]
[White "Skalski, Michal"]
[Black "Luksik, Mateusz"]
[Result "1-0"]
[WhiteElo "2448"]
[BlackElo "2158"]
[PlyCount "123"]
[EventDate "2008.12.20"]
[EventType "swiss (rapid)"]
[EventRounds "13"]
[EventCountry "POL"]
[SourceTitle "CBM 127 Extra"]
[Source "ChessBase"]
[SourceDate "2009.01.08"]
[SourceVersion "2"]
[SourceVersionDate "2009.01.28"]
[SourceQuality "1"]

1. g3 Nf6 2. Bg2 c6 3. Nf3 g6 4. 0-0 Bg7 5. c4 0-0 6. d4 d6 7. Nc3 Bf5 8. b3 Ne4 9. Bb2 Nxc3 10. Bxc3 Be4 11. e3 Nd7 12. Qe2 Bxf3 13. Qxf3 Qc7 14. Rfd1 a6 15. Rac1 e6 16. Bf1 d5 17. Bb4 Rfc8 18. h4 Qb6 19. Bc3 Qd8 20. Rc2 Qe7 21. Bb2 f5 22. Rdc1 Nf6 23. Bd3 Ne4 24. Kg2 Bf8 25. Qe2 Qc7 26. a3 Bd6 27. Qf3 Rf8 28. b4 Qe7 29. Bc3 Kg7 30. Be1 Rfc8 31. Qe2 Bc7 32. f3 Nf6 33. e4 fxe4 34. fxe4 dxe4 35. Bxe4 Nxe4 36. Qxe4 Rf8 37. Rf2 Rxf2+ 38. Bxf2 Rf8 39. d5 cxd5 40. cxd5 Bd8 41. Qxe6 Rf7 42. Qxe7 Rxe7 43. Re1 Rxe1 44. Bxe1 Kf6 45. Kf3 Ke7 46. Ke4 Bc7 47. Bd2 Kd6 48. Kf4 Ke7+ 49. Kg5 Kd6 50. Kf6 Kd7 51. Bg5 Bxg3 52. b5 b6 53. bxa6 b5 54. Bf4 h5 55. Bg5 Bf2 56. Kxg6 Kd6 57. Kxh5 Kxd5 58. Kg6 Kc6 59. h5 Bc5 60. h6 Bxa3 61. h7 Bb2 62. Bf6 1-0

[Event "POL-chT 64th"]
[Site "Karpacz"]
[Date "2008.09.11"]
[Round "6"]
[White "Skalski, Michal"]
[Black "Dziuba, Marcin"]
[Result "1/2-1/2"]
[WhiteElo "2459"]
[BlackElo "2570"]
[PlyCount "75"]
[EventDate "2008.09.06"]
[EventType "team-swiss"]
[EventRounds "9"]
[EventCountry "POL"]
[SourceTitle "EXT 2019"]
[Source "ChessBase"]
[SourceDate "2018.10.10"]
[SourceVersion "1"]
[SourceVersionDate "2018.10.10"]
[SourceQuality "1"]
[WhiteTeam "Rzeszow Zelmer"]
[BlackTeam "Lublin UMCS"]
[WhiteTeamCountry "POL"]
[BlackTeamCountry "POL"]

1. c4 e6 2. d4 d5 3. Nf3 Nf6 4. Bg5 Bb4+ 5. Nc3 0-0 6. e3 c5 7. cxd5 exd5 8. Be2 Nbd7 9. 0-0 Qa5 10. Qc2 Bxc3 11. bxc3 b6 12. Nd2 cxd4 13. cxd4 Ba6 14. Nb3 Qa4 15. Bxa6 Qxa6 16. f3 Rfe8 17. Qd2 Rac8 18. Rfc1 h6 19. Bxf6 Nxf6 20. Rxc8 Rxc8 21. Rc1 Rc4 22. Rxc4 dxc4 23. Nc1 b5 24. Kf2 Qa3 25. e4 b4 26. Qc2 c3 27. Ke2 Nd7 28. Nd3 a5 29. Qb3 Qxb3 30. axb3 Kf8 31. f4 Ke7 32. f5 Kd6 33. Nf4 f6 34. Nd5 Kc6 35. Kd3 Nb6 36. Nxb6 Kxb6 37. e5 Kc6 38. e6 1/2-1/2

[Event "Warsaw AIG Life rapid 7th"]
[Site "Warsaw"]
[Date "2007.12.15"]
[Round "6"]
[White "Skalski, Michal"]
[Black "Schacht, Holger"]
[Result "1-0"]
[WhiteElo "2443"]
[BlackElo "2240"]
[PlyCount "77"]
[EventDate "2007.12.15"]
[EventType "swiss (rapid)"]
[EventRounds "13"]
[EventCountry "POL"]
[SourceTitle "CBM 121 Extra"]
[Source "ChessBase"]
[SourceDate "2008.01.10"]
[SourceVersion "1"]
[SourceVersionDate "2008.01.10"]
[SourceQuality "1"]

1. Nf3 d5 2. c4 e6 3. d4 c5 4. cxd5 exd5 5. g3 Nc6 6. Bg2 Nf6 7. 0-0 Be7 8. dxc5 Bxc5 9. Qc2 Bb6 10. Nc3 d4 11. Na4 0-0 12. Bg5 h6 13. Bf4 Be6 14. Ne5 Bd5 15. Nxc6 bxc6 16. Rac1 Rc8 17. Bh3 Ra8 18. b3 Re8 19. Rfd1 Ne4 20. Nxb6 Qxb6 21. Qd3 c5 22. f3 Nc3 23. Rd2 Bb7 24. Rxc3 dxc3 25. Qxc3 Rad8 26. Be3 Rxd2 27. Qxd2 Ba6 28. Kf2 Qc6 29. Bd7 Qa8 30. Bxe8 Qxe8 31. Bxc5 Qa8 32. Qe3 Bb7 33. Bxa7 Bd5 34. Bd4 f6 35. Qd2 Qc6 36. b4 Bf7 37. a3 Qa4 38. Qd3 Be8 39. Qc4+ 1-0

[Event "POL-chT1"]
[Site "Chotowa"]
[Date "2007.09.10"]
[Round "8"]
[White "Skalski, Michal"]
[Black "Kukula, Pawel"]
[Result "1-0"]
[WhiteElo "2330"]
[BlackElo "2239"]
[PlyCount "81"]
[EventDate "2007.09.03"]
[EventType "team-tourn"]
[EventRounds "9"]
[EventCountry "POL"]
[SourceTitle "EXT 2009"]
[Source "ChessBase"]
[SourceDate "2008.11.26"]
[SourceVersion "1"]
[SourceVersionDate "2008.11.26"]
[SourceQuality "1"]

1. g3 Nf6 2. Bg2 d5 3. Nf3 c6 4. 0-0 Bf5 5. d3 e6 6. b3 h6 7. Bb2 Nbd7 8. Nbd2 Be7 9. Re1 0-0 10. e4 dxe4 11. dxe4 Bh7 12. Qe2 Qc7 13. e5 Nd5 14. Ne4 Bb4 15. Rec1 Bxe4 16. Qxe4 Bc3 17. Bxc3 Nxc3 18. Qd3 Nd5 19. Qe2 a5 20. c4 Ne7 21. Re1 Rfd8 22. Rad1 Nc5 23. Qe3 b6 24. g4 Rd7 25. Rxd7 Qxd7 26. Bf1 Rd8 27. Be2 Ng6 28. h4 Qc7 29. h5 Ne7 30. Rd1 Rxd1+ 31. Bxd1 Nd7 32. Bc2 c5 33. g5 Nc6 34. gxh6 Ndxe5 35. hxg7 Nd4 36. Nxd4 cxd4 37. Qh6 Nf3+ 38. Kg2 Qh2+ 39. Kxf3 Qh3+ 40. Ke2 Qg4+ 41. Kd2 1-0

[Event "Rewal op-A 12th"]
[Site "Rewal"]
[Date "2007.08.26"]
[Round "6"]
[White "Skalski, Michal"]
[Black "Sergeev, Vladimir"]
[Result "1/2-1/2"]
[WhiteElo "2330"]
[BlackElo "2488"]
[PlyCount "92"]
[EventDate "2007.08.20"]
[EventType "swiss"]
[EventRounds "9"]
[EventCountry "POL"]
[SourceTitle "CBM 120 Extra"]
[Source "ChessBase"]
[SourceDate "2007.11.01"]
[SourceVersion "1"]
[SourceVersionDate "2007.11.01"]
[SourceQuality "1"]

1. Nf3 d6 2. c4 g6 3. g3 Bg7 4. Bg2 c5 5. 0-0 Nc6 6. Nc3 Bd7 7. d3 Nh6 8. Rb1 Nf5 9. Bd2 h5 10. h4 Rc8 11. a3 b6 12. b4 Nfd4 13. Nh2 Ne5 14. e3 Nf5 15. Qe2 Bc6 16. Ne4 0-0 17. Rfd1 e6 18. Nf3 Nxc4 19. Bc1 Ne5 20. Bb2 Nxf3+ 21. Bxf3 e5 22. Ng5 Bxf3 23. Qxf3 d5 24. bxc5 Rxc5 25. a4 Rc7 26. a5 bxa5 27. Ba3 Re8 28. Rb5 Rd7 29. Rdb1 d4 30. e4 Nh6 31. Qd1 Ng4 32. Qa4 Rc7 33. Rxa5 Qd7 34. Qb3 Rec8 35. Rd5 Qe8 36. Rd6 Rc3 37. Qa2 Rc2 38. Rb2 Rxb2 39. Bxb2 Bf6 40. f3 Bxg5 41. Rxg6+ Kh8 42. Rxg5 f6 43. Rf5 Ne3 44. Rxf6 Rc6 45. Rxc6 Qxc6 46. Qf7 Qc2 1/2-1/2

[Event "Rewal op-A 12th"]
[Site "Rewal"]
[Date "2007.08.25"]
[Round "5"]
[White "Skalski, Michal"]
[Black "Aliavdin, Nikolai"]
[Result "1/2-1/2"]
[WhiteElo "2330"]
[BlackElo "2403"]
[PlyCount "30"]
[EventDate "2007.08.20"]
[EventType "swiss"]
[EventRounds "9"]
[EventCountry "POL"]
[SourceTitle "CBM 120 Extra"]
[Source "ChessBase"]
[SourceDate "2007.11.01"]
[SourceVersion "1"]
[SourceVersionDate "2007.11.01"]
[SourceQuality "1"]

1. Nf3 d5 2. d4 Nf6 3. c4 c6 4. e3 Bg4 5. Nbd2 e6 6. Bd3 Nbd7 7. 0-0 Bd6 8. b3 0-0 9. Bb2 Qe7 10. Qc2 g6 11. Ne5 Bf5 12. e4 dxe4 13. Nxe4 Bxe4 14. Bxe4 Ba3 15. Bc3 Bb4 1/2-1/2

[Event "Olomouc op"]
[Site "Olomouc"]
[Date "2007.08.05"]
[Round "4"]
[White "Johansson, Jan"]
[Black "Skalski, Michal"]
[Result "1-0"]
[WhiteElo "2441"]
[BlackElo "2330"]
[PlyCount "85"]
[EventDate "2007.08.02"]
[EventType "swiss"]
[EventRounds "9"]
[EventCountry "CZE"]
[SourceTitle "CBM 119 Extra"]
[Source "ChessBase"]
[SourceDate "2007.09.04"]
[SourceVersion "1"]
[SourceVersionDate "2007.09.04"]
[SourceQuality "1"]

1. d4 Nf6 2. Nf3 g6 3. c4 Bg7 4. Nc3 0-0 5. Bg5 c5 6. d5 b5 7. cxb5 a6 8. e3 d6 9. a4 h6 10. Bh4 Qa5 11. Nd2 Qb4 12. Bc4 Qxb2 13. Rc1 Nbd7 14. 0-0 Qb4 15. Qc2 axb5 16. Rb1 Qa5 17. Bxb5 Ba6 18. Nc4 Qc7 19. e4 g5 20. Bg3 Nh5 21. Ne3 Nxg3 22. hxg3 Ne5 23. Nf5 c4 24. f4 Ng6 25. Bc6 Rac8 26. Nb5 Qb6+ 27. Kh2 Rxc6 28. dxc6 Qxc6 29. Nbd4 Bxd4 30. Nxd4 Qc5 31. Rbd1 e6 32. e5 Bc8 33. exd6 Bd7 34. f5 Ne5 35. fxe6 Ng4+ 36. Kh1 Ne3 37. Qe4 Nxd1 38. exd7 Nc3 39. Qe7 Qxd4 40. d8Q Rxd8 41. Qxd8+ Kg7 42. Qe8 f6 43. d7 1-0

[Event "Olomouc op"]
[Site "Olomouc"]
[Date "2007.08.04"]
[Round "3"]
[White "Skalski, Michal"]
[Black "Ortoft, Kai"]
[Result "1-0"]
[WhiteElo "2330"]
[BlackElo "2128"]
[PlyCount "49"]
[EventDate "2007.08.02"]
[EventType "swiss"]
[EventRounds "9"]
[EventCountry "CZE"]
[SourceTitle "CBM 119 Extra"]
[Source "ChessBase"]
[SourceDate "2007.09.04"]
[SourceVersion "1"]
[SourceVersionDate "2007.09.04"]
[SourceQuality "1"]

1. Nf3 Nf6 2. c4 c5 3. Nc3 Nc6 4. d4 cxd4 5. Nxd4 g6 6. e4 d6 7. Be2 Bg7 8. Be3 0-0 9. 0-0 a6 10. Rc1 Nxd4 11. Bxd4 Be6 12. f4 Rc8 13. b3 Ne8 14. f5 Bd7 15. Nd5 Bxd4+ 16. Qxd4 Bc6 17. Rc3 Bxd5 18. exd5 Qa5 19. fxg6 hxg6 20. Rh3 f6 21. Qh4 Ng7 22. Qh7+ Kf7 23. Bd3 Rg8 24. Qxg6+ Kf8 25. Rxf6+ 1-0

[Event "Najdorf Memorial op-A"]
[Site "Grodzisk Mazowiecki"]
[Date "2007.07.27"]
[Round "8"]
[White "Staniszewski, Piotr"]
[Black "Skalski, Michal"]
[Result "1-0"]
[WhiteElo "2402"]
[BlackElo "2330"]
[PlyCount "87"]
[EventDate "2007.07.20"]
[EventType "swiss"]
[EventRounds "9"]
[EventCountry "POL"]
[SourceTitle "CBM 119 Extra"]
[Source "ChessBase"]
[SourceDate "2007.09.04"]
[SourceVersion "1"]
[SourceVersionDate "2007.09.04"]
[SourceQuality "1"]

1. d4 Nf6 2. Nf3 g6 3. g3 Bg7 4. Bg2 0-0 5. 0-0 d6 6. c4 c6 7. Nc3 Bf5 8. Qb3 Qc8 9. Re1 Na6 10. e4 Bg4 11. e5 dxe5 12. Nxe5 Bf5 13. Bf4 Nd7 14. Rad1 Nxe5 15. Bxe5 Re8 16. Bxg7 Kxg7 17. Qa3 e6 18. b4 Nc7 19. Qb2 f6 20. a4 Rb8 21. b5 Qd7 22. h3 g5 23. Qa3 Rec8 24. g4 Bg6 25. f4 h6 26. d5 cxd5 27. cxd5 e5 28. d6 Ne6 29. f5 Bxf5 30. gxf5 Nf4 31. Rd2 Rd8 32. Be4 Nxh3+ 33. Kh2 g4 34. Ne2 h5 35. Rc1 Rbc8 36. Rxc8 Rxc8 37. Rc2 Ng5 38. Rxc8 Qxc8 39. Qc3 Qg8 40. Qc7+ Kh6 41. d7 Nf7 42. Bd5 g3+ 43. Nxg3 h4 44. Qc1+ 1-0

[Event "Najdorf Memorial op-A"]
[Site "Grodzisk Mazowiecki"]
[Date "2007.07.22"]
[Round "3"]
[White "Skalski, Michal"]
[Black "Janczarski, Michal"]
[Result "1/2-1/2"]
[WhiteElo "2330"]
[BlackElo "2088"]
[PlyCount "104"]
[EventDate "2007.07.20"]
[EventType "swiss"]
[EventRounds "9"]
[EventCountry "POL"]
[SourceTitle "CBM 119 Extra"]
[Source "ChessBase"]
[SourceDate "2007.09.04"]
[SourceVersion "1"]
[SourceVersionDate "2007.09.04"]
[SourceQuality "1"]

1. Nf3 Nf6 2. c4 g6 3. g3 Bg7 4. Bg2 d6 5. 0-0 e5 6. Nc3 0-0 7. d3 Nc6 8. Rb1 a5 9. a3 h6 10. b4 axb4 11. axb4 Be6 12. b5 Ne7 13. Bb2 Qd7 14. Re1 Nh5 15. Qb3 f5 16. Ra1 f4 17. Ne4 fxg3 18. hxg3 Nf6 19. Nxf6+ Bxf6 20. Nd2 c6 21. Ne4 Bg7 22. Qb4 c5 23. Qd2 Rxa1 24. Rxa1 Nc8 25. Ra8 Kh7 26. Rb8 Kh8 27. Nc3 Qf7 28. Qe3 b6 29. Rb7 Qf6 30. Nd5 Qd8 31. f4 Bxd5 32. Bxd5 Ne7 33. Be4 exf4 34. Bxg7+ Kxg7 35. gxf4 Rf7 36. Qh3 d5 37. Rd7 Qb8 38. cxd5 Qxf4 39. Bf3 Qe3+ 40. Kg2 Nf5 41. Rxf7+ Kxf7 42. Qh2 Qg5+ 43. Kf1 Qc1+ 44. Kf2 Qe3+ 45. Kg2 Qg5+ 46. Kf2 Qh4+ 47. Qxh4 Nxh4 48. Bg4 Ke7 49. e4 Kd6 50. Kg3 g5 51. Bh5 Ke5 52. Be8 Kd6 1/2-1/2

[Event "Niederschlesien-ch op"]
[Site "Wroclaw"]
[Date "2007.06.28"]
[Round "7"]
[White "Tazbir, Marcin"]
[Black "Skalski, Michal"]
[Result "1/2-1/2"]
[WhiteElo "2428"]
[BlackElo "2358"]
[PlyCount "43"]
[EventDate "2007.06.25"]
[EventType "swiss"]
[EventRounds "9"]
[EventCountry "POL"]
[SourceTitle "EXT 2011"]
[Source "ChessBase"]
[SourceDate "2010.11.26"]
[SourceVersion "1"]
[SourceVersionDate "2010.11.26"]
[SourceQuality "1"]

1. Nf3 Nf6 2. c4 g6 3. b3 Bg7 4. Bb2 0-0 5. e3 d6 6. d3 e5 7. Nbd2 Nc6 8. h3 Re8 9. Qc2 a5 10. a3 h6 11. g3 Nh7 12. Be2 f5 13. d4 e4 14. Nh4 g5 15. Ng2 Ne7 16. h4 Ng6 17. hxg5 hxg5 18. Bh5 Nhf8 19. g4 c5 20. gxf5 Bxf5 21. dxc5 dxc5 22. 0-0-0 1/2-1/2

[Event "Niederschlesien-ch op"]
[Site "Wroclaw"]
[Date "2007.06.27"]
[Round "6"]
[White "Skalski, Michal"]
[Black "Ipatov, Alexander"]
[Result "1-0"]
[WhiteElo "2358"]
[BlackElo "2293"]
[PlyCount "75"]
[EventDate "2007.06.25"]
[EventType "swiss"]
[EventRounds "9"]
[EventCountry "POL"]
[SourceTitle "EXT 2011"]
[Source "ChessBase"]
[SourceDate "2010.11.26"]
[SourceVersion "1"]
[SourceVersionDate "2010.11.26"]
[SourceQuality "1"]

1. c4 e5 2. g3 Nc6 3. Bg2 g6 4. Nc3 Bg7 5. d3 Nge7 6. Nf3 0-0 7. 0-0 d6 8. Rb1 Bg4 9. b4 Qc8 10. Re1 h6 11. b5 Nd4 12. Nxd4 exd4 13. Nd5 Nxd5 14. cxd5 b6 15. Qc2 Re8 16. e4 dxe3 17. Bxe3 a6 18. a4 axb5 19. axb5 Re7 20. Rec1 Qf5 21. Rb4 g5 22. Re4 Rae8 23. Qxc7 Rxc7 24. Rxe8+ Bf8 25. Rxc7 Qxd3 26. h3 Qxb5 27. Ra8 Bd7 28. Rd8 Qb1+ 29. Kh2 Bf5 30. g4 Kg7 31. gxf5 Qxf5 32. Rdd7 Qe5+ 33. Kg1 Qa1+ 34. Bf1 Kg6 35. Rxf7 Qa8 36. Bd3+ Kh5 37. Be2+ Kg6 38. h4 1-0

[Event "Niederschlesien-ch op"]
[Site "Wroclaw"]
[Date "2007.06.25"]
[Round "2"]
[White "Skalski, Michal"]
[Black "Wieczorek, Oskar"]
[Result "1/2-1/2"]
[WhiteElo "2358"]
[BlackElo "2125"]
[PlyCount "99"]
[EventDate "2007.06.25"]
[EventType "swiss"]
[EventRounds "9"]
[EventCountry "POL"]
[SourceTitle "EXT 2011"]
[Source "ChessBase"]
[SourceDate "2010.11.26"]
[SourceVersion "1"]
[SourceVersionDate "2010.11.26"]
[SourceQuality "1"]

1. Nf3 d5 2. c4 e6 3. d4 Nf6 4. Nc3 Be7 5. Bg5 0-0 6. e3 Nbd7 7. Qc2 c6 8. cxd5 exd5 9. Bd3 Re8 10. 0-0 Nf8 11. h3 Be6 12. Rab1 Ng6 13. b4 Rc8 14. Rfc1 Nd7 15. Bxe7 Qxe7 16. b5 c5 17. a4 cxd4 18. Nxd4 Nde5 19. Bf5 Qf6 20. Nxd5 Bxd5 21. Bxc8 Nh4 22. Bg4 h5 23. e4 hxg4 24. exd5 gxh3 25. Rb3 Qf4 26. Rxh3 Qxd4 27. Rd1 Qg4 28. Rg3 Qd7 29. d6 Rc8 30. Qe4 Nhg6 31. Rg5 Re8 32. f4 Ng4 33. Qd4 Nf6 34. Qc3 Ne4 35. Qc7 Rd8 36. Rgd5 Nxf4 37. Qxd7 Rxd7 38. Re5 Rxd6 39. Rxd6 Nxd6 40. g3 Ng6 41. Rd5 Nc4 42. Rd8+ Kh7 43. Ra8 b6 44. Rxa7 Nge5 45. Re7 f6 46. Re6 Nd7 47. Rc6 Nde5 48. Re6 Nd7 49. Rc6 Nde5 50. Re6 1/2-1/2

[Event "POL-chT 1st League"]
[Site "Opole"]
[Date "2006.09.08"]
[Round "7"]
[White "Wisniewski, Adrian"]
[Black "Skalski, Michal"]
[Result "1/2-1/2"]
[WhiteElo "2369"]
[BlackElo "2343"]
[PlyCount "23"]
[EventDate "2006.09.01"]
[EventType "team-tourn"]
[EventRounds "9"]
[EventCountry "POL"]
[SourceTitle "CBM 114 Extra"]
[Source "ChessBase"]
[SourceDate "2006.11.03"]
[SourceVersion "1"]
[SourceVersionDate "2006.11.03"]
[SourceQuality "1"]
[WhiteTeam "Gliwice Politechnika Slaska"]
[BlackTeam "Rzeszow Zelmer"]
[WhiteTeamCountry "POL"]
[BlackTeamCountry "POL"]

1. e4 g6 2. d4 Bg7 3. Nc3 c5 4. d5 d6 5. h3 Nf6 6. Nf3 0-0 7. Bd3 Na6 8. 0-0 Nc7 9. Re1 a6 10. a4 e6 11. dxe6 Bxe6 12. Be3 1/2-1/2

[Event "Rewal op 11th"]
[Site "Rewal"]
[Date "2006.08.26"]
[Round "8"]
[White "Skalski, Michal"]
[Black "Skinke, Katrina"]
[Result "1/2-1/2"]
[WhiteElo "2367"]
[BlackElo "2117"]
[PlyCount "231"]
[EventDate "2006.08.21"]
[EventType "swiss"]
[EventRounds "11"]
[EventCountry "POL"]
[SourceTitle "EXT 2010"]
[Source "ChessBase"]
[SourceDate "2010.11.25"]
[SourceVersion "1"]
[SourceVersionDate "2010.11.25"]
[SourceQuality "1"]

1. d4 Nf6 2. c4 g6 3. Nc3 Bg7 4. e4 d6 5. f3 Nbd7 6. Be3 a6 7. Bd3 c5 8. Nge2 0-0 9. Qd2 cxd4 10. Nxd4 Ne5 11. Be2 Bd7 12. 0-0 Rc8 13. b3 Nc6 14. Rab1 Qc7 15. Rfc1 Nxd4 16. Bxd4 Bc6 17. b4 e5 18. Be3 Qe7 19. Bg5 b6 20. a4 Ba8 21. Rc2 Rb8 22. Nd5 Bxd5 23. cxd5 b5 24. Rc6 bxa4 25. Bxa6 h6 26. Bh4 g5 27. Bf2 Nd7 28. Bd3 Rb7 29. Qc2 a3 30. Ra6 Rfb8 31. b5 Nc5 32. Rxa3 Rc7 33. Rc3 Bf8 34. Bf1 Rb6 35. Ra1 Ra7 36. Rca3 Rc7 37. Qb1 Kg7 38. Ra6 Rcb7 39. Rxb6 Rxb6 40. h3 Qb7 41. Qa2 Kf6 42. Qb2 Be7 43. Ra3 Qc7 44. Qa2 Rb7 45. Ra8 Bd8 46. Qa3 Ke7 47. h4 Kd7 48. hxg5 hxg5 49. Be1 Rb8 50. Ra7 Rb7 51. Ra8 Rb8 52. Bf2 Rb7 53. Qc1 Ra7 54. Rxa7 Qxa7 55. g3 f6 56. Kg2 Bb6 57. Qc2 Qa3 58. Qe2 Qa4 59. Qc4 Qxc4 60. Bxc4 Ke7 61. Bf1 Kf7 62. Kh2 Kg6 63. Bh3 Ba7 64. Bf5+ Kg7 65. Kh3 Bb8 66. Be3 Kh8 67. Kg4 Kg7 68. Kh5 Ba7 69. f4 gxf4 70. gxf4 Bb6 71. fxe5 fxe5 72. Bh6+ Kf7 73. Bg6+ Ke7 74. Bg5+ Kd7 75. Bf5+ Kc7 76. Bg6 Kb7 77. Kg4 Bc7 78. Be3 Kb6 79. Be8 Bb8 80. Kf5 Ba7 81. Kf6 Kc7 82. Ke7 Bb6 83. Bg6 Ba7 84. Bf2 Bb6 85. Bf5 Ba7 86. Be1 Bb6 87. Bc3 Nd3 88. Bd2 Nc5 89. Ke8 Nb7 90. Kf7 Nc5 91. Bg6 Kd7 92. Kf6 Bd8+ 93. Kf5 Bb6 94. Bh5 Bd8 95. Bc3 Bc7 96. Bf7 Ke7 97. Be6 Bb6 98. Bd2 Bc7 99. Bg5+ Ke8 100. Bc8 Kf7 101. Bd2 Bd8 102. Be6+ Kg7 103. Bc1 Bb6 104. Bg5 Kf8 105. Bf6 Bc7 106. Bc8 Kf7 107. Bg5 Bb6 108. Be6+ Kf8 109. Be3 Ke7 110. Bg8 Ba7 111. Bh7 Bb6 112. Bd2 Nb7 113. Bc3 Bc7 114. Bg6 Nc5 115. Bh5 Nb7 116. Bd2 1/2-1/2

[Event "Kochan Memorial op 17th"]
[Site "Koszalin"]
[Date "2006.08.12"]
[Round "9"]
[White "Panocki, Adrian"]
[Black "Skalski, Michal"]
[Result "1/2-1/2"]
[WhiteElo "2246"]
[BlackElo "2343"]
[PlyCount "129"]
[EventDate "2006.08.04"]
[EventType "swiss"]
[EventRounds "10"]
[EventCountry "POL"]
[SourceTitle "CBM 113 Extra"]
[Source "ChessBase"]
[SourceDate "2006.09.14"]
[SourceVersion "1"]
[SourceVersionDate "2006.09.14"]
[SourceQuality "1"]

1. e4 c5 2. Nf3 Nc6 3. d4 cxd4 4. Nxd4 Nf6 5. Nc3 e5 6. Ndb5 d6 7. Bg5 a6 8. Na3 b5 9. Nd5 Be7 10. Nxe7 Nxe7 11. Qd3 Bb7 12. Bxf6 gxf6 13. 0-0-0 d5 14. exd5 Qxd5 15. Qh3 Qe6 16. Qxe6 fxe6 17. c3 Nd5 18. Nc2 Ke7 19. Rg1 Rac8 20. g3 Rc7 21. Bg2 Rhc8 22. Kb1 f5 23. a3 Kf6 24. Nb4 e4 25. Nxd5+ Bxd5 26. Rd4 Rg7 27. a4 Rc4 28. Rgd1 Rxa4 29. Rxa4 bxa4 30. Bf1 Bb3 31. Rd8 a5 32. Kc1 Rc7 33. Kd2 Ke7 34. Rb8 Rd7+ 35. Ke3 Rd1 36. Bb5 Kf6 37. Rb6 Rb1 38. c4 a3 39. bxa3 Bxc4 40. a4 Bxb5 41. axb5 a4 42. Ra6 Rxb5 43. Rxa4 Rb3+ 44. Ke2 e3 45. f4 Rb2+ 46. Kxe3 Rxh2 47. Ra7 h6 48. Kf3 Rb2 49. Rh7 Rb3+ 50. Kg2 Kg6 51. Re7 Re3 52. Kf2 Re4 53. Re8 Kf6 54. Rh8 Kg7 55. Re8 h5 56. Kf3 Re1 57. Kf2 Re4 58. Kf3 Kg6 59. Rg8+ Kh7 60. Re8 Kg7 61. Re7+ Kf6 62. Rh7 Kg6 63. Re7 Kf6 64. Rh7 Kg6 65. Re7 1/2-1/2